| 000 | 00554nam a2200229Ia 4500 | ||
|---|---|---|---|
| 005 | 20250425161352.0 | ||
| 008 | 250425s9999 xx 000 0 und d | ||
| 020 | _a8486424658 | ||
| 041 | _aspa | ||
| 082 | _a621.75 | ||
| 110 | _aCULTURAL EDICIONES | ||
| 245 | 0 | _aMECANICA DE TALLER: METROLOGIA II TORNO Y FRESADORA | |
| 250 | _aS.E. | ||
| 260 |
_aEspaƱa _bCULTURAL EDICIONES _c1987 |
||
| 260 | _aMADRID | ||
| 300 | _a206 | ||
| 650 | _aFRESADORAS | ||
| 650 | _aMETROLOGIA | ||
| 650 | _aTORNOS MECANICOS | ||
| 942 | _c01 | ||
| 010 | _a18740 | ||
| 999 |
_c207841 _d207841 |
||